Política fiscal y Estado en Colombia / (Registro nro. 8387)

Detalles MARC
000 -LEADER
fixed length control field 02528nam a2200265Ia 4500
003 - CONTROL NUMBER IDENTIFIER
control field OSt
005 - DATE AND TIME OF LATEST TRANSACTION
control field 20210818144221.0
008 - FIXED-LENGTH DATA ELEMENTS--GENERAL INFORMATION
fixed length control field 210310s1998 xx ad fr 000 0dspa d
020 ## - INTERNATIONAL STANDARD BOOK NUMBER
International Standard Book Number 9586950050
040 ## - CATALOGING SOURCE
Original cataloging agency CO-JMCR
Transcribing agency CO-JMCR
041 0# - LANGUAGE CODE
Language code of text/sound track or separate title spa
082 04 - DEWEY DECIMAL CLASSIFICATION NUMBER
Classification number 339.52 /
Item number C617p
Edition number 23
100 1# - MAIN ENTRY--PERSONAL NAME
Personal name Clavijo Vergara, Sergio,
9 (RLIN) 17091
Relator term autor
245 10 - TITLE STATEMENT
Title Política fiscal y Estado en Colombia /
Statement of responsibility, etc. Sergio Clavijo
250 ## - EDITION STATEMENT
Edition statement Primera edición
260 ## - PUBLICATION, DISTRIBUTION, ETC.
Place of publication, distribution, etc. Bogotá :
Name of publisher, distributor, etc. Banco de la República : Universidad de los Andes,
Date of publication, distribution, etc. 1998
300 ## - PHYSICAL DESCRIPTION
Extent xxx, 529 páginas :
Other physical details ilustraciones y gráficas a blanco y negro ;
Dimensions 24 cm.
500 ## - GENERAL NOTE
General note Incluye datos biográficos del autor.
504 ## - BIBLIOGRAPHY, ETC. NOTE
Bibliography, etc. note Bibliografía al final de cada capítulo.
505 0# - FORMATTED CONTENTS NOTE
Formatted contents note Funciones estatales: bases conceptuales y realidades históricas en Colombia -- Evolución de los impuestos, del gasto y del ahorro público -- El proceso de descentralización del gasto público -- Evolución de la financiación y alcances de la educación pública -- Evolución de la financiación y alcances de la salud pública -- El gasto social e indicadores de progreso humano -- La fuerza pública, el conflicto interno y sus costos fiscales -- La justicia en Colombia, su desempeño y sus costos fiscales -- La reforma y la incidencia fiscal del pasivo pensional -- Proyecciones fiscales para el periodo 1998-2002 y síntesis histórica 1990-2002
520 3# - SUMMARY, ETC.
Summary, etc. Estudiar el Estado colombiano era, hasta hace solo unas cinco décadas, aventurarse a descifrar la relación entre el poder y la gramática. Sin embargo, el país económico fue avanzando lentamente hasta llegar a entender que no era posible gobernar con versos; que era necesaria la econometría, la regulación económica, la visión macro-social.<br/>Política Fiscal y Estado en Colombia se presenta como un libro de carácter didáctico, escrito para no-especialistas, con una visión histórica que provee un panorama sobre la estructuración del sector público colombiano, tanto en términos de funcionamiento actual como de los grandes cambios que implicó la constitución de 1991. Presenta a su vez, los arreglos institucionales que han gobernado el funcionamiento de áreas tan vitales como la educación, la salud, la justicia, la fuerza pública y se pregunta sobre la coherencia de estos arreglos, a la luz de la profundización de la descentralización política y fiscal del país.
650 14 - SUBJECT ADDED ENTRY--TOPICAL TERM
Topical term or geographic name entry element Política fiscal
9 (RLIN) 17123
Geographic subdivision Colombia
650 24 - SUBJECT ADDED ENTRY--TOPICAL TERM
Topical term or geographic name entry element Gastos públicos
Geographic subdivision Colombia
9 (RLIN) 6959
942 ## - ADDED ENTRY ELEMENTS (KOHA)
Source of classification or shelving scheme Dewey Decimal Classification
Koha item type Books
Existencias
Withdrawn status Lost status Source of classification or shelving scheme Damaged status Not for loan Collection code Home library Current library Date acquired Source of acquisition Full call number Barcode Date last seen Copy number Koha item type
    Dewey Decimal Classification     Non-fiction Biblioteca Pública José María del Castillo y Rada Biblioteca Pública José María del Castillo y Rada 04/15/2018 Donación 339.52 / C617p 430006314 05/16/2024 Ej.1 Books